La Europa de los dictadores, 1919-1945

Saved in:
Bibliografiske detaljer
Hovedforfatter: Wiskemann, Elizabeth (Author)
Format: Bog
Sprog:spansk
Udgivet: Ciudad de México, México Siglo XXI 1978
Serier:Historia de Europa Siglo XXI
Fag:
Tags: Tilføj Tag
Ingen Tags, Vær først til at tagge denne postø!

MARC

LEADER 00000nam a2200000 a 4500
001 UCO0331
003 CL-VaPUC
005 20241121130328.0
008 000420e19780000MX |||||||||||||||||spa|d
999 |c 287042  |d 287040 
040 |c Pontificia Universidad Católica de Valparaíso 
082 0 4 |a 940.5 WIS 1978  |2 21 
100 0 |a Wiskemann, Elizabeth  |e author  |9 441531 
245 1 3 |a La Europa de los dictadores, 1919-1945 
260 |a Ciudad de México, México  |b Siglo XXI  |c 1978 
300 |a 341 páginas 
490 0 |a Historia de Europa Siglo XXI 
583 |a last modification  |c 20120830 11:12:36  |k Rodrigo Vera 
600 0 7 |a HITLER, ADOLF  |2 CL-VaPUC  |9 314510 
650 7 |a HISTORIA DE EUROPA  |2 CL-VaPUC  |9 441532  |y 1919-1945 
650 0 |a Historia contemporánea  |y 1919-1945  |z EUROPA  |9 343224 
650 0 |a Dictadores   |z EUROPA  |9 257742 
650 0 |a Guerra civil española  |9 331803 
650 0 |a Acuerdos de paz  |9 390255 
942 |c BK  |2 ddc 
945 |d 20000420 00:00:00  |a rherrera 
952 |0 0  |1 0  |2 ddc  |4 0  |6 940_500000000000000_WIS_1978  |7 0  |8 A  |9 333432  |a BIBHIS  |b BIBHIS  |d 2019-11-20  |i 1264796  |o 940.5 WIS 1978  |p 1264796  |r 2025-01-20  |t 1  |w 2019-11-20  |y BK  |k HIS